Transnational Comparisons in Nineteenth-Century History (Titelsatznr. 74057)
[ MARC ]
| 000 -Satzkennung | |
|---|---|
| Kontrollfeld mit fester Länge | 02158namaa2200313 cb4500 |
| 001 - Kontrollnummer | |
| Kontrollfeld | BV005305351 |
| 003 - Kontrollnummer Identifier | |
| Kontrollfeld | DE-70 |
| 005 - Datum und Zeit der letzten Transaktion | |
| Kontrollfeld | 20260401131151.0 |
| 006 - Datenelemente mit fester Länge - Weitere Materialmerkmale | |
| Kontrollfeld mit fester Länge | m|||| o||u| |||||| |
| 007 - Feld mit fester Länge zur physischen Beschreibung - Allgemeine Information | |
| Kontrollfeld mit fester Länge | tu |
| 007 - Feld mit fester Länge zur physischen Beschreibung - Allgemeine Information | |
| Kontrollfeld mit fester Länge | 7 |
| 008 - Feld mit fester Länge zur physischen Beschreibung - Allgemeine Angaben | |
| Kontrollfeld mit fester Länge | 920527s1980 a||| |||| 00||| und d |
| 020 ## - Internationale Standardbuchnummer | |
| Internationale Standardbuchnummer | 9781003675600 |
| Verknüpfung | 978-1-003-67560-0 |
| 024 ## - Anderer Standardidentifier | |
| Standardnummer oder Code | 9781003675600 |
| -- | 978-1-003-67560-0 |
| 040 ## - Katalogisierungsquelle | |
| Übertragungsstelle | RU-10907106 |
| 041 ## - Sprachcode | |
| Sprachcode des Textes/der Tonspur oder des separaten Titels | eng |
| 100 ## - Haupteintragung - Personenname | |
| Personenname | Lago, Enrico Dal |
| Funktionsbezeichnungscode | aut |
| Koha-Normdatenidentnummer | 69027 |
| 245 ## - Titel | |
| Titel | Transnational Comparisons in Nineteenth-Century History |
| Zusatz zum Titel | Theory and Case Studies Routledge Approaches to History |
| 264 ## - Produktion, Veröffentlichung, Distribution, Herstellung und Urheberrechtsvermerk | |
| Herstellungs-, Veröffentlichungs- Vertriebs-, Erzeugungsort | London |
| Produzent, Herausgeber, Distributor, Hersteller | Taylor & Francis |
| Datum der Herstellung, der Veröffentlichung, des Vertriebs oder des Urheberschutzvermerks | 2026 |
| 300 ## - Physische Beschreibung | |
| Umfang | 226 Seiten |
| 336 ## - Inhaltstyp | |
| Quelle | rdacontent |
| Inhaltstypterm | Text |
| Inhaltstypcode | txt |
| 337 ## - Medientyp | |
| Quelle | rdamedia |
| Bezeichnung des Medientyps | Computermedien |
| Medientypcode | bc |
| 338 ## - Datenträgertyp | |
| Quelle | rdacarrier |
| Datenträgertypbezeichnung | Online Ressource |
| Datenträgertypcode | cr |
| 490 ## - Gesamttitelangabe | |
| Gesamttitelangabe | Routledge Approaches to History |
| 500 ## - Allgemeine Fußnote | |
| Allgemeine Fußnote | E-Book / Zugriff nur im Lesesaal |
| 520 ## - Fußnote zu Zusammenfassungen usw. | |
| Fußnote zur Zusammenfassung usw. | Introduction: Transnational Comparisons in Nineteenth-Century History in Theory and Practice Part 1: Transnational Comparison of Historical Individuals 1. We Cherished the Same Hostility to Every Form of Tyranny : Transatlantic Parallels and Contacts between William Lloyd Garrison and Giuseppe Mazzini Part 2: Transnational Comparison of Historical Groups 2. American Slaveholders and Southern Italian Landowners in the Age of the Second Slavery : Economics, Labour Management, and Regional Politics Part 3: Transnational Comparison of Historical Cities 3.The City as Social Display: Agrarian Elites and Urban Images in Charleston and Palermo Part 4: Transnational Comparison of Historical Events 4.Emancipation from Slavery and Serfdom, and Land Rights: The Americas and Eastern Europe Compared Part 5: Transnational Comparison of Historical Processes 5. The U.S. Civil War Era, the Italian Risorgimento Era, and Nineteenth-Century Euro-American Nationalisms Part 6: Transnational Comparison of Historical Beliefs 6. Empires, Workers, and Saints: Progressive Imperialism , Working-Class Radicalism, and the Rise of New Millennial Cults in the United States and Italy in the 1870s. Conclusion |
| 856 ## - Elektronische Adresse und Zugriff | |
| OPAC-Notiz | Volltext |
| URL | <a href="https://doi.org/10.4324/9781003675600">https://doi.org/10.4324/9781003675600</a> |
| 942 ## - Zusätzliche Felder (Koha) | |
| Koha-Medientyp | E-Books |
| Klassifikation oder Aufstellungssystematik | Andere/Generische Klassifikation |
| Ausgeschieden | Verloren | Klassifikation oder Aufstellungssystematik | Beschädigt | Nicht entleihbar | Heimatbibliothek | Aufenthaltsbibliothek | Aufstellungsort | Erwerbungsdatum | Inventarnummer | Signatur | Barcode | Letzte Aktivität | Preis gültig von | Koha-Medientyp |
|---|---|---|---|---|---|---|---|---|---|---|---|---|---|---|
| Andere/Generische Klassifikation | MWN Osteuropa | MWN Osteuropa | Online-Ressource | 01/04/2026 | 26-e00298 | E-26-e00298 | 76994 | 01/04/2026 | 01/04/2026 | E-Books |